|
|
|
|
| LEADER |
00000cam a2200000 7i4500 |
| 001 |
0000001699 |
| 005 |
20011025.0 |
| 090 |
0 |
0 |
|a 634.956
|b PLA 1985
|
| 110 |
1 |
0 |
|a PLANNING Workshop for Asia on Forest Research and Technology Transfer
|k 1984
|j Kandy, Sri Lanka
|
| 245 |
1 |
0 |
|a Increasing productivity of multipurpose species
|c edited by J. Burley and J. L. Stewart
|
| 260 |
0 |
0 |
|a Vienna, Austria :
|b International Union of Forestry Research Organizations ,
|c 1985
|
| 300 |
|
|
|a iv, 560 p. :
|b ill. ;
|c 30 cm.
|
| 500 |
0 |
0 |
|a Includes references
|
| 650 |
0 |
0 |
|a Forest productivity
|x Congresses
|
| 650 |
0 |
0 |
|a Trees
|x Congresses
|
| 700 |
0 |
1 |
|a Burley
|h J.
|
| 700 |
0 |
1 |
|a Stewart
|h J. L.
|
| 710 |
1 |
1 |
|a Internationsl Union of Forestry Research Organizations (IUFRO)
|
| 998 |
|
|
|a JPSM
|
| 999 |
|
|
|a 0000002625
|b Monograph
|c Open Shelf
|e Default branch
|
| 999 |
|
|
|a 0000004037
|b Monograph
|c Open Shelf
|e Default branch
|